000 00685nam a2200241Ia 4500
003 OSt
005 20220928112211.0
006 a|||||r|||| 00| 0
007 ta
008 220927b |||||||| |||| 00| 0 eng d
024 _a74503
037 _cTextual
040 _aSDCL
_cSDCL
_beng
041 _2eng
_aeng
082 _aV42:24'N8, M4
100 _aApter David E
_9413461
245 0 _aAgainst the state
_bPolitics and social protest in Japan
260 _aCambridge
_bHarvard University Pr
_c1984
300 _aix,271p
_ccm.
700 _a Sawa Nagayo
_9426789
942 _hV42:24'N8, M4
_cTEXL
_2CC
999 _c743709
_d743709